<?xml version="1.0" encoding="UTF-8"?>
<marc:record xmlns:marc="http://www.loc.gov/MARC21/slim">
   <marc:leader>00000nam a2200000 a 4500</marc:leader>
   <marc:datafield ind1=" " ind2=" " tag="653">
      <marc:subfield code="a">Fußball</marc:subfield>
   </marc:datafield>
   <marc:datafield ind1=" " ind2=" " tag="653">
      <marc:subfield code="a">DVD</marc:subfield>
   </marc:datafield>
   <marc:datafield ind1="0" ind2="0" tag="245">
      <marc:subfield code="a">Teufelskicker</marc:subfield>
   </marc:datafield>
   <marc:datafield ind1="0" ind2="0" tag="245">
      <marc:subfield code="b">Wir machen euch die Hölle heiß</marc:subfield>
   </marc:datafield>
   <marc:datafield ind1=" " ind2="1" tag="264">
      <marc:subfield code="a">Freiburg/Br.</marc:subfield>
      <marc:subfield code="c">2010</marc:subfield>
   </marc:datafield>
   <marc:datafield ind1="1" ind2=" " tag="520">
      <marc:subfield code="a">Nach der Trennung seiner Eltern hat Moritz es nicht leicht: Neue Schule, neue Stadt, der seltsame Großvater Rudi, bei dem er wohnen muss - und dann lässt ihn noch der Fußballclub, seine einzige Hoffnung, abblitzen. Doch als sich Alex, der Anführer der "Rooftop-Gang", lautlos durchs Fenster ins Klassenzimmer schwingt, weiß Moritz, dass noch nicht alles verloren ist. Gemeinsam stellen sie eine Mannschaft zusammen, die als "Teufelskicker" für Aufregung sorgt - nicht nur auf dem Rasen, sondern dank spektakulärer "Parkour"-Einlagen auch überall sonst.</marc:subfield>
   </marc:datafield>
   <marc:datafield ind1="3" ind2=" " tag="024">
      <marc:subfield code="a">5050582775297</marc:subfield>
   </marc:datafield>
   <marc:datafield ind1=" " ind2=" " tag="041">
      <marc:subfield code="a">ger</marc:subfield>
   </marc:datafield>
   <marc:datafield ind1="1" ind2=" " tag="521">
      <marc:subfield code="a">0</marc:subfield>
   </marc:datafield>
   <marc:datafield ind1=" " ind2=" " tag="306">
      <marc:subfield code="a">01:46:00</marc:subfield>
   </marc:datafield>
</marc:record>
